[Event "Palmi op 5th"]
[Site "Palmi"]
[Date "2012.01.04"]
[Round "6"]
[White "Marzaduri, Riccardo"]
[Black "Buda, Elvin"]
[Result "1-0"]
[WhiteElo "1830"]
[BlackElo "1917"]
[PlyCount "63"]
[EventDate "2012.01.02"]
[EventType "swiss"]
[EventRounds "9"]
[EventCountry "ITA"]
[SourceTitle "CBM 146 Extra"]
[Source "ChessBase"]
[SourceDate "2012.02.29"]
[SourceVersion "1"]
[SourceVersionDate "2012.02.29"]
[SourceQuality "1"]

1. e4 d5 2. exd5 Nf6 3. c4 e6 4. dxe6 Bxe6 5. d4 Bb4+ 6. Bd2 Qe7 7. Qe2 Nc6 8. Nf3 Bxd2+ 9. Nbxd2 Nb4 10. Nb3 0-0-0 11. d5 Rhe8 12. 0-0-0 Nxa2+ 13. Kb1 Bf5+ 14. Kxa2 Qxe2 15. Bxe2 Rxe2 16. Nbd4 Rd6 17. Nxe2 Ra6+ 18. Kb3 Rb6+ 19. Kc3 Ne4+ 20. Kd4 Nxf2 21. Ng3 Bg4 22. Rd2 Nxh1 23. Nxh1 f6 24. Kc3 h5 25. Nf2 Bd7 26. Nd3 Be8 27. Nc5 g5 28. Re2 Bg6 29. Nd2 Rd6 30. Nde4 b6 31. Nxd6+ cxd6 32. Ne4 1-0

[Event "Palmi op 5th"]
[Site "Palmi"]
[Date "2012.01.02"]
[Round "1"]
[White "Damia, Angelo"]
[Black "Buda, Elvin"]
[Result "1-0"]
[WhiteElo "2303"]
[BlackElo "1917"]
[PlyCount "47"]
[EventDate "2012.01.02"]
[EventType "swiss"]
[EventRounds "9"]
[EventCountry "ITA"]
[SourceTitle "CBM 146 Extra"]
[Source "ChessBase"]
[SourceDate "2012.02.29"]
[SourceVersion "1"]
[SourceVersionDate "2012.02.29"]
[SourceQuality "1"]

1. e4 d5 2. exd5 Nf6 3. d4 Bg4 4. Nf3 Qxd5 5. Nc3 Qh5 6. Bf4 Bxf3 7. Qxf3 Qxf3 8. gxf3 c6 9. 0-0-0 Nd5 10. Nxd5 cxd5 11. c4 dxc4 12. Bxc4 Nd7 13. Kb1 g6 14. Bd5 e5 15. dxe5 Bg7 16. Bxf7+ Ke7 17. Bg5+ Kxf7 18. Rxd7+ Kf8 19. f4 h6 20. Be7+ Ke8 21. Rxb7 Bf8 22. Bf6 Rg8 23. Rc1 g5 24. Rc6 1-0